Idiopatická proktolitida - súčasné poznatky mikrobiologické a imunologické

Bibliographic Details
Main Author: Abdourahmane Diouria, Diallo (Author)
Format: Article
Language:Slovak
PhysicalDescription:Lit. 13 zázn. v angl., franc.
Subjects:

MARC

LEADER 00000nab a2200000 a 4500
001 vtls000418796
003 SK-MaSNL
005 20260304232433.0
008 220422c1990 xo 0 slo
015 |a SNBRA19rr/mm-uuuuu 
035 |a CL0418921 
040 |a SNKBUCL  |b slo  |c SNKBUCL  |e AACR2 
041 0 |a slo 
044 |a xo  |c SK 
080 |a 616.348/.35-002.18  |2 1981 
100 1 |a Abdourahmane Diouria, Diallo  |4 aut  |9 1567059 
245 1 0 |a Idiopatická proktolitida - súčasné poznatky mikrobiologické a imunologické  |c Diallo Abdourahmane Diouria 
300 |b Lit. 13 zázn. v angl., franc. 
650 0 7 |a ulcerózna kolitída  |2 snkbucl  |9 118881 
655 7 |a články zo zborníkov  |2 snkbucl  |9 166140 
773 0 |t Acta Facultatis medicae Universitatis Šafarikianae Cassoviensis 47  |d Martin : Osveta, 1990 
850 |a Slovenská národná knižnica v Martine  |a MTA001 
852 |a SNK  |b KIS3GCP 
958 |a NB 
958 |a RK 
958 |a ME 
992 |a RZB 
999 |c 3193821  |d 3195751